La realidad oculta: ejemplos de proyectos patrocinados por la Deutsche Forschungsgemeinschaft

Guardat en:
Dades bibliogràfiques
Autor principal: Streier, Eva-María (Autor)
Format: Llibre
Idioma:alemany
Publicat: Bonn DF 1987
Matèries:
Etiquetes: Afegir etiqueta
Sense etiquetes, Sigues el primer a etiquetar aquest registre!

MARC

LEADER 00000nam a2200000 a 4500
001 UCX1952
003 CL-VaPUC
008 901204e19870000GW |||||||||||||||||ger|d
082 0 4 |a 001.409  |b STR  |2 21 
100 0 |a Streier, Eva-María  |e author  |9 317676 
245 1 3 |a La realidad oculta: ejemplos de proyectos patrocinados por la Deutsche Forschungsgemeinschaft 
300 |a 104 p 
942 |c BK 
945 |d 19901204 00:00:00 
260 |a Bonn  |b DF  |c 1987 
650 0 |a Investigación científica  |9 259857 
651 0 |a Alemania  |9 255688 
583 |a last modification  |c 19901204 00:00:00  |k Rodrigo Vera 
999 |c 223077  |d 223075